Fundamental concepts in the design of experiments
These problems are selected to emphasize the basic philosophy of design. Another purpose is to present a logical sequence of designs that fit into a consistent outline, for every type of experiment, the distinctions among the experiment, the design, and the analyses are emphasized. Since this theme...
Na minha lista:
| Autor principal: | |
|---|---|
| Formato: | Livro |
| Idioma: | Undetermined |
| Publicado em: |
New York
Oxford Univ. Press
1999
|
| Assuntos: | |
| Tags: |
Adicionar Tag
Sem tags, seja o primeiro a adicionar uma tag!
|
| Thư viện lưu trữ: | Trung tâm Học liệu Trường Đại học Cần Thơ |
|---|
| LEADER | 01288nam a2200241Ia 4500 | ||
|---|---|---|---|
| 001 | CTU_42214 | ||
| 008 | 210402s9999 xx 000 0 und d | ||
| 020 | |b 2.398.000đ | ||
| 020 | |c 2398000 | ||
| 082 | |a 001.434 | ||
| 082 | |b H631 | ||
| 100 | |a Hicks, Charles R | ||
| 245 | 0 | |a Fundamental concepts in the design of experiments | |
| 245 | 0 | |c Charles R Hicks, Kenneth V Turner | |
| 260 | |a New York | ||
| 260 | |b Oxford Univ. Press | ||
| 260 | |c 1999 | ||
| 520 | |a These problems are selected to emphasize the basic philosophy of design. Another purpose is to present a logical sequence of designs that fit into a consistent outline, for every type of experiment, the distinctions among the experiment, the design, and the analyses are emphasized. Since this theme of experiment design analysis is to be highlighted throughout the text, the first chapter presents and explains this theme. the second chapter reviews statistical inference, and the remaining chapters follow a general outline, with an experiment - design- analysis summary at the end of each chapater. | ||
| 526 | |a Thống kê sinh học và phép thí nghiệm | ||
| 526 | |b CSS603 | ||
| 650 | |a Experimental design | ||
| 904 | |i Minh, 010712 | ||
| 980 | |a Trung tâm Học liệu Trường Đại học Cần Thơ | ||